书目信息 |
| 题名: |
醉眼看金庸
|
|
| 作者: | 孔庆东 , 蒋泥 主编 | |
| 分册: | ||
| 出版信息: | 北京 线装书局 2005.06 |
|
| 页数: | 329页 | |
| 开本: | 21cm | |
| 丛书名: | ||
| 单 册: | ||
| 中图分类: | I207.425 | |
| 科图分类: | ||
| 主题词: | ||
| 电子资源: | ||
| ISBN: | 7-80106-416-X | |
| 000 | 01279nam0 2200265 450 | |
| 001 | 012008428921 | |
| 005 | 20080323143803.07 | |
| 010 | @a7-80106-416-X@dCNY24.00 | |
| 100 | @a20080322d2005 km y0chiy0120 ea | |
| 101 | 0 | @achi |
| 102 | @aCN@b110000 | |
| 105 | @ay z 000yd | |
| 106 | @ar | |
| 200 | 1 | @a醉眼看金庸@Azui yan kan jin yong@e北大醉侠点击金庸小说人生@f孔庆东, 蒋泥主编@Fkong qing dong,jiang ni zhu bian |
| 210 | @a北京@c线装书局@d2005.06 | |
| 215 | @a329页@d21cm | |
| 330 | @a本书主要介绍作为武侠小说作家的金庸,作为散文家的金庸,只好屈尊另就了。读者欲进一步详细了解金庸的生平事迹等,则坊间另有大部头的作品。本书似乎还是首次。对金庸武侠小说的争论部分,我们的选择标准首先是学术性,而不是追求哗众取宠的市场性。因此,那些“酷评”和漫骂,那些吵架和群殴,那些网络上的泡沫文字,很遗憾地又失去了一次轻薄成名的机会。我想,也许会有好事者另编一本《大骂金庸》之类,以普渡那些可怜的众生的。 | |
| 517 | 1 | @a北大醉侠点击金庸小说人生@Abei da zui xia dian ji jin yong xiao shuo ren sheng |
| 600 | 0 | @a金庸,@Ajin yong,@f1924-@x生平事迹 |
| 600 | 0 | @a金庸,@Ajin yong,@f1924-@x侠义小说@x文学研究 |
| 690 | @aI207.425@v4 | |
| 701 | 0 | @a孔庆东@Akong qing dong@4主编 |
| 701 | 0 | @a蒋泥@Ajiang ni@4主编 |
| 801 | 0 | @aCN@bQSSK@c20080323 |
| 905 | @b20290300-03@dI207.425@eK760@f4 | |
| 醉眼看金庸:北大醉侠点击金庸小说人生/孔庆东, 蒋泥主编.-北京:线装书局,2005.06 |
| 329页;21cm |
| ISBN 7-80106-416-X:CNY24.00 |
| 本书主要介绍作为武侠小说作家的金庸,作为散文家的金庸,只好屈尊另就了。读者欲进一步详细了解金庸的生平事迹等,则坊间另有大部头的作品。本书似乎还是首次。对金庸武侠小说的争论部分,我们的选择标准首先是学术性,而不是追求哗众取宠的市场性。因此,那些“酷评”和漫骂,那些吵架和群殴,那些网络上的泡沫文字,很遗憾地又失去了一次轻薄成名的机会。我想,也许会有好事者另编一本《大骂金庸》之类,以普渡那些可怜的众生的。 |
| ● |
| 相关链接 |
|
|
|
正题名:醉眼看金庸
索取号:I207.425/K760
 
预约/预借
| 序号 | 登录号 | 条形码 | 馆藏地/架位号 | 状态 | 备注 |
| 1 | 290300 | 202903000 | 社科二线400B/400B社科库 11排3列5层/ [索取号:I207.425/K760] | 在馆 | |
| 2 | 290301 | 202903019 | 文学库108/108文学库 10排3列2层/ [索取号:I207.425/K760] | 在馆 | |
| 3 | 290302 | 202903028 | 文学库108/108文学库 10排3列2层/ [索取号:I207.425/K760] | 在馆 | |
| 4 | 290303 | 202903037 | 社科二线422/422社科库 50排5列1层/ [索取号:I207.425/K760] | 在馆 |